<?xml version="1.0" encoding="UTF-8"?>
<record
    xmlns:xsi="http://www.w3.org/2001/XMLSchema-instance"
    xsi:schemaLocation="http://www.loc.gov/MARC21/slim http://www.loc.gov/standards/marcxml/schema/MARC21slim.xsd"
    xmlns="http://www.loc.gov/MARC21/slim">

  <leader>02824nam a2200337 a 4500</leader>
  <controlfield tag="003">OSt</controlfield>
  <controlfield tag="005">20250617084658.0</controlfield>
  <controlfield tag="007">cr ||||||a|a|a</controlfield>
  <controlfield tag="008">250616s2025    mx a|||fom||| 001 0 spa d</controlfield>
  <datafield tag="040" ind1=" " ind2=" ">
    <subfield code="e">rda</subfield>
  </datafield>
  <datafield tag="100" ind1="1" ind2=" ">
    <subfield code="a">Alejo Vinogradova, Alina</subfield>
    <subfield code="9">190468</subfield>
  </datafield>
  <datafield tag="245" ind1="1" ind2="0">
    <subfield code="a">Identificaci&#xF3;n de redes reguladoras gen&#xE9;ticas relacionadas a la tolerancia al estr&#xE9;s por sequ&#xED;a en jitomate (Solanum lycopersicum L.) /</subfield>
    <subfield code="c">por Alina Alejo Vinogradova; director de tesis Jorge Arturo Arciniega Gonz&#xE1;lez; secretario Ernestina Valad&#xE9;z Moctezuma; vocal Natanael Maga&#xF1;a Lira; suplente Jos&#xE9; de Jes&#xFA;s L&#xF3;pez Reynoso; suplente Jos&#xE9; Luis Rodr&#xED;guez de la O</subfield>
  </datafield>
  <datafield tag="264" ind1=" " ind2="1">
    <subfield code="a">Chapingo, M&#xE9;xico :</subfield>
    <subfield code="b">El autor,</subfield>
    <subfield code="c">2024.</subfield>
  </datafield>
  <datafield tag="300" ind1=" " ind2=" ">
    <subfield code="a">1 recurso en l&#xED;nea (52 p&#xE1;ginas):</subfield>
    <subfield code="b">cuadros, figuras.</subfield>
  </datafield>
  <datafield tag="336" ind1=" " ind2=" ">
    <subfield code="2">rdacontent</subfield>
    <subfield code="a">texto</subfield>
    <subfield code="b">txt</subfield>
  </datafield>
  <datafield tag="337" ind1=" " ind2=" ">
    <subfield code="2">rdamedia</subfield>
    <subfield code="a">computadora</subfield>
    <subfield code="b">c</subfield>
  </datafield>
  <datafield tag="338" ind1=" " ind2=" ">
    <subfield code="2">rdacarrier</subfield>
    <subfield code="a">recurso en l&#xED;nea</subfield>
    <subfield code="b">cr</subfield>
  </datafield>
  <datafield tag="502" ind1=" " ind2=" ">
    <subfield code="b">IAEF</subfield>
    <subfield code="c">Fitotecnia</subfield>
    <subfield code="g">LIC</subfield>
    <subfield code="d">2024.</subfield>
  </datafield>
  <datafield tag="504" ind1=" " ind2=" ">
    <subfield code="a">Incluye referencias bibliogr&#xE1;ficas: p&#xE1;ginas 37-43.</subfield>
  </datafield>
  <datafield tag="520" ind1=" " ind2=" ">
    <subfield code="a">El cambio clim&#xE1;tico ha emergido como uno de los mayores desaf&#xED;os para la producci&#xF3;n agr&#xED;cola. El estr&#xE9;s h&#xED;drico propiciado por la escasez de agua es uno de los principales factores de da&#xF1;o. En M&#xE9;xico, el jitomate (Solanum lycopersicum L.) es uno de los cultivos m&#xE1;s afectados por esta condici&#xF3;n, lo que hace urgente encontrar m&#xE9;todos efectivos de mejoramiento gen&#xE9;tico. En esta investigaci&#xF3;n, se utiliz&#xF3; un enfoque de biolog&#xED;a de sistemas, ciencia de datos y ciencias &#xF3;micas para analizar las redes de regulaci&#xF3;n gen&#xE9;tica de Solanum lycopersicum bajo condiciones de estr&#xE9;s h&#xED;drico en dos marcos temporales. Los resultados demuestran que hay respuesta general al estr&#xE9;s h&#xED;drico que incluye la activaci&#xF3;n y expresi&#xF3;n diferencial de genes relacionados con la tolerancia a dicho estr&#xE9;s. Asimismo, se identificaron familias de factores de transcripci&#xF3;n previamente asociadas con la respuesta a estr&#xE9;s abi&#xF3;tico, como WRKY, AP2/ERF, MYB, bHLH, WOX, entre otras, as&#xED; como la existencia de genes no caracterizados que podr&#xED;an ser cruciales para dirigir el mejoramiento gen&#xE9;tico del cultivo bajo condiciones de estr&#xE9;s h&#xED;drico.</subfield>
  </datafield>
  <datafield tag="650" ind1=" " ind2="4">
    <subfield code="a">Tomate</subfield>
    <subfield code="x">Mejoramiento gen&#xE9;tico</subfield>
    <subfield code="9">190673</subfield>
  </datafield>
  <datafield tag="650" ind1=" " ind2="4">
    <subfield code="a">Tomate</subfield>
    <subfield code="x">Resistencia a sequia</subfield>
    <subfield code="9">113762</subfield>
  </datafield>
  <datafield tag="650" ind1=" " ind2="7">
    <subfield code="a">Tomate</subfield>
    <subfield code="x">Efecto de las sequias</subfield>
    <subfield code="9">113706</subfield>
  </datafield>
  <datafield tag="700" ind1="1" ind2=" ">
    <subfield code="a">Arciniega Gonz&#xE1;lez, Jorge Arturo</subfield>
    <subfield code="e">director de tesis</subfield>
    <subfield code="9">190672</subfield>
  </datafield>
  <datafield tag="700" ind1="1" ind2=" ">
    <subfield code="a">Valadez Moctezuma, Ernestina</subfield>
    <subfield code="9">117225</subfield>
    <subfield code="e">secretario.</subfield>
  </datafield>
  <datafield tag="700" ind1="1" ind2=" ">
    <subfield code="a">Maga&#xF1;a Lira, Natanael</subfield>
    <subfield code="9">69794</subfield>
    <subfield code="e">vocal.</subfield>
  </datafield>
  <datafield tag="700" ind1="1" ind2=" ">
    <subfield code="a">L&#xF3;pez Reynoso, Jos&#xE9; de Jes&#xFA;s</subfield>
    <subfield code="9">68272</subfield>
    <subfield code="e">suplente.</subfield>
  </datafield>
  <datafield tag="700" ind1="1" ind2=" ">
    <subfield code="a">Rodr&#xED;guez de la O, Jos&#xE9; Luis</subfield>
    <subfield code="e">suplente.</subfield>
    <subfield code="9">98433</subfield>
  </datafield>
  <datafield tag="856" ind1=" " ind2=" ">
    <subfield code="u">http://10.13.5.2/tesis/tl/1610048-6_ALEJO_VINOGRADOVA_ALINA.pdf</subfield>
    <subfield code="z">DESCARGAR PDF</subfield>
  </datafield>
  <datafield tag="942" ind1=" " ind2=" ">
    <subfield code="2">Clasificaci&#xF3;n Universidad Aut&#xF3;noma Chapingo</subfield>
    <subfield code="c">TD</subfield>
  </datafield>
  <datafield tag="999" ind1=" " ind2=" ">
    <subfield code="c">220628</subfield>
    <subfield code="d">220628</subfield>
  </datafield>
  <datafield tag="952" ind1=" " ind2=" ">
    <subfield code="0">0</subfield>
    <subfield code="1">0</subfield>
    <subfield code="2">local</subfield>
    <subfield code="4">0</subfield>
    <subfield code="5">1</subfield>
    <subfield code="7">0</subfield>
    <subfield code="8">TesDigL</subfield>
    <subfield code="a">BD</subfield>
    <subfield code="b">BD</subfield>
    <subfield code="c">E_L</subfield>
    <subfield code="d">2025-06-16</subfield>
    <subfield code="l">0</subfield>
    <subfield code="o">Tesis digital</subfield>
    <subfield code="r">2025-06-16 15:51:31</subfield>
    <subfield code="w">2025-06-16</subfield>
    <subfield code="y">TD</subfield>
  </datafield>
</record>
